| 000 | 00502 a2200169 4500 | ||
|---|---|---|---|
| 003 | OSt | ||
| 005 | 20231009141506.0 | ||
| 008 | 231009b |||||||| |||| 00| 0 eng d | ||
| 020 | _a9780670087792 | ||
| 040 | _coclc | ||
| 082 |
_a823 _bMUR/R |
||
| 100 |
_aMurugan, Perumal _96446 |
||
| 245 |
_aRESOLVE / _cPerumal Murugan; translated from Tamil by Aniruddhan Vasudevan |
||
| 260 |
_bPenguin Random House. _c2021. |
||
| 300 | _a395 p | ||
| 942 |
_2ddc _cBK _h823 _iMUR/R _k823 _mMUR/R |
||
| 999 |
_c42603 _d42603 |
||